Statystyki dla Co to za logo

Kliknij tutaj aby rozwiązać quiz!

Ogólne statystyki

  • Ten quiz został rozwiązany 91 razy
  • Średni wynik to 14 z 16

Statystyki odpowiedzi

Odpowiedź% Poprawnych
Lipton
100%
BMW
98%
McDonald's
98%
Visa
98%
Youtube
98%
Skype
96%
Skoda
94%
Gerber
91%
Knorr
91%
Carrefour
89%
Opel
89%
Algida
87%
Excel
85%
ING
80%
Chevrolet
78%
Ssang Yong
11%

Rozkład punktacji

Percentyl według liczby udzielonych odpowiedzi

Procent ludzi z każdym wynikiem

Twoja historia wyników

Nie rozwiązałeś tego quizu